1184 1531 1426 1775 1063 1397 1798 1845 1051 1462 1422 1700 1584 1808 1490 1942 1695 1712 1775 1985 1921 1004 1158 1698 1816 1427 1441 1949 1617 1005 1611 1781 1420 1426 1979 1033 1793 1618 1887 1161 1475 1940 1715 1941 1645 1438 1895 1562 1710 1510 1398 1588 1581 1142 1520 1170 1892 1911 1998 1939 1798 1900 1595 1006 1449 1994 1059 1039 1786 1108 1485 1301 1388 1985 1062 1028 1300 1551 1390 1200 1073 1688 1774 1774 1909 1866 1160 1772 1378 1935 1680 1299 1892 1875 1408 1121 1268 1615 1535 BCNSPRNW ULIB Ver.6.0+V

เปลี่ยนเป็นภาษาไทย

Change to English
 แสดงรายละเอียดบรรณานุกรม
  กลับหน้าหลัก

Brief Record : Get Marc (ISO 2709) : E-mail record : QR code < ปิดหน้าต่าง
LEADER : 00000nam 2200000uu 4500
001    13399123170
003     ULIB
008    130709s2551||||th 000 0 tha d
020    ^a9789740466680
090    ^aนว.^bS788
100 0  ^aStanley
245 00 ^aยุ่งนักเจอรักนายเจ้าพ่อ/^cStanley&Waraporn
250    ^aพิมพ์ครั้งที่ 1
260    ^aกรุงเทพฯ :^bนกฮูก,^c2551
300    ^a173หน้า
700 0  Waraporn
710 1  ^aนกฮูก
945    ^p149^l0^i20318
995    ^aทศพร
999    ^aทศพร เกษรทอง
รายการนี้ยังไม่มีแท็ก
คุณยังไม่ได้ล็อกอิน คุณสามารถมีกิจกรรมร่วมกับเว็บไซต์ได้ แต่ต้องล็อกอินก่อน ::
  ล็อกอิน

รายการสื่อสารสนเทศ

ลำดับที่ ประเภท เลขเรียก/บาร์โค้ด สถานที่ สถานะ
1. นวนิยาย
นวนิยาย
นว. S788 ฉ.1 
  Barcode: 20318
ห้องสมุดวิทยาเขตนครสวรรค์
►นวนิยาย:l:Fiction
บนชั้น

รายการใกล้เคียง
    ผู้แต่ง [Stanley]

BibComment


ยังไม่เคยถูกคอมเมนท์

คอมเมนท์ทรัพยากรรายการนี้
  คอมเมนท์: ยุ่งนักเจอรักนาย..


 Copyright 2026. Bcnsprnw @Library